000 00539nam a2200193Ia 4500
005 20250326140851.0
008 250326s9999 xx 000 0 und d
020 _a0-8442-3308-0
037 _aTextbook
040 _aFMSL
_beng
_cFMSL
041 _aeng
_2eng
084 _aX:51.1 N8
_qFMSL
100 _aSamli A C
_9743222
245 0 _aMarketing globally: Planning and practice
_cSamli A C; Hill J S
260 _aUSA
_bUSA, NTC business
_c1998
300 _a517p
942 _cTB
_hX:51.1 N8
999 _c1287644
_d1287644